Most Populated Cities in Australia - Statistics

General Stats
  • This quiz has been taken 32 times
  • The average score is 13 of 20
Answer Stats
Population City % Correct
2,408,223 Brisbane
100%
2,050,138 Perth
100%
5,131,326 Sydney
100%
4,850,740 Melbourne
97%
1,313,927 Adelaide
94%
447,457 Canberra
94%
146,612 Darwin
94%
663,321 Gold Coast
81%
226,884 Hobart
75%
151,925 Cairns
59%
481,183 Newcastle
56%
180,346 Townsville
47%
260,138 Geelong
44%
325,399 Sunshine Coast
44%
299,203 Wollongong
44%
91,923 Albury
28%
135,631 Toowoomba
28%
103,481 Ballarat
25%
97,096 Bendigo
25%
86,788 Launceston
25%
No matching quizzes found
Score Distribution
Percent of People with Each Score
Percentile by Number Answered
Your Score History
You have not taken this quiz